| 000 | 00905nam a22003013u 4500 | ||
|---|---|---|---|
| 001 | DHIM2026021613420019 | ||
| 003 | RU-10907106 | ||
| 005 | 20260224135114.0 | ||
| 007 | tu | ||
| 008 | 260216s2012 ru ||| ||| 000 0 rus d | ||
| 020 |
_9978-5-93680-513-4 _a9785936805134 |
||
| 040 |
_aRU-10907106 _bger _cRU-10907106 |
||
| 041 | _arus | ||
| 100 | 1 |
_4aut _aKovalevskij, P. I. _qKovalevskij, Pavel Ivanovič _968443 |
|
| 245 | 0 | _aNarody. Istorija zavoevanija | |
| 264 | 1 |
_aNal'čik _bIzdatel'stvo M. i V. Kotljarovych (OOO "Poligrafservis i T") _c2012 |
|
| 300 | _a432 Seiten | ||
| 336 |
_2rdacontent _aText _btxt |
||
| 337 |
_2rdamedia _aOhne Hilfsmittel zu benutzen _bn |
||
| 338 |
_2rdacarrier _aBand _bnc |
||
| 490 | 0 |
_aKavkaz _vXI |
|
| 650 | _aNationalismus | ||
| 650 |
_aEroberung _98418 |
||
| 650 |
_aEthnische Gruppe _92000 |
||
| 651 | _aKaukasus | ||
| 651 | _aRussland | ||
| 942 |
_2z _cMG |
||
| 999 |
_c73725 _d73725 |
||